| 000 | 00488nam a2200169Ia 4500 | ||
|---|---|---|---|
| 008 | 260520s2016 xx 000 0 und d | ||
| 020 | _a97893789219 | ||
| 041 | _amar | ||
| 082 | _a891.4609/GUN | ||
| 100 | _aगुंडी, नीलिमा | ||
| 245 | _aसमीक्षेचा रियाज | ||
| 250 | _a1st ed | ||
| 260 |
_aपुणे _bचेतक बुक्स , _c2016 |
||
| 300 | _a240p. | ||
| 500 | _aCat No: 14881 | ||
| 650 | _aMARATHI MISCELLENOUS WRITING | ||
| 999 |
_c1222142 _d1222142 |
||